000 00235nam a22001097a 4500
999 _c260945
_d260944
020 _a9780545389891
100 _aPeg Kehret
245 _aGhost Dog Secrets
260 _aNew York
_bScholastic
_c2010
300 _a 184 pgs
942 _cBK